01853nam a22002417a 450000500170000000800410001704000700005804100080012808200120013610000300014824201050017824500970028325000610038026001240044130000400056550005530060550503360115850600210149454600230151565000170153865000290155565000270158420240719130527.0130821s1934 fr fr 1 fre  aCo-BoUCMbspacSandra Yazo (modificó)dSandra Yazo (modificó)0 afre04a1242201 aBergson, Henrid1859-194100aMateria y memoria.bEnsayo sobre las relaciones entre cuerpo y espíritu,cPor Enrique Bergsonyspa10aMatière et mémoire. bEssai sur la relation du corps à l’esprit.cPar Henri Bergson. aVingt-huitième édition [Vigésima octava edición] aParís (Francia)bLibrairie Félix Alcan ; Imprimerie Hérissey [Librería Félix Alcan ; Imprenta Herissey]c1934 axii, 279, [1] páginasc22 X 14 cm aDetalles físicos: Sin encuadernación original. Actualmente, encuadernación rígida (holandesa) en cartón forrado en papel con lomo de tela y letras y líneas decorativas en dorado y en buen estado. Guardas. Anteportada. Portada impresa en una sola tinta. Texto impreso en una sola columna con diferentes tipos y tamaños de letra. Notas de pie de página. Algunas imágenes dentro del texto (págs.165 y 177). Márgenes amplios. Índice final. Cortes decorados con jaspeados rojos. Indicios de cinta pegante antigua en lomo y tapas.0 aPalabras iniciales ; Selección de imágenes para la representación, papel del cuerpo ; Reconocimiento de las imágenes, la memoria y el cerebro ; Permanencia de las imágenes ; La memoria y el espíritu ; Delimitación y fijación de las imágenes ; Percepción y materia ; Alma y cuerpo ; Resumen final y conclusión. aConsulta en sala aTexto en francés 7aFe y razón 7aFilosofía y religión 7aMemoria (Filosofía)